[Event "Uelzen Uhlenkoeper op"]
[Site "Uelzen"]
[Date "2024.12.27"]
[Round "2"]
[White "Bogomolow, Sergej"]
[Black "Sayas, Payyappat"]
[Result "1-0"]
[WhiteElo "2090"]
[BlackElo "1823"]
[PlyCount "71"]
[EventDate "2024.12.27"]
[EventType "swiss"]
[EventRounds "9"]
[EventCountry "GER"]
[SourceTitle "CB01_2025"]
[SourceDate "2025.01.01"]
[SourceVersion "1"]
[SourceVersionDate "2025.01.01"]
[SourceQuality "1"]

1. e4 c5 2. Nf3 d6 3. d4 cxd4 4. Nxd4 Nf6 5. Nc3 a6 6. Bc4 e6 7. Bb3 b5 8. 0-0 Nbd7 9. Re1 Nc5 10. Bd5 exd5 11. exd5+ Kd7 12. b4 Nb7 13. Nc6 Qb6 14. Be3 Qc7 15. Qf3 Nd8 16. Qf5+ Ne6 17. Bd4 Be7 18. Nxe7 Kxe7 19. dxe6 Bxe6 20. Bxf6+ Kd7 21. Nxb5 Qc6 22. Nd4 Bxf5 23. Re7+ Kc8 24. Nxc6 gxf6 25. Rxf7 Bd7 26. Nd4 Rb8 27. c3 f5 28. Nxf5 Bxf5 29. Rxf5 Kd7 30. Re1 Rhc8 31. Rf7+ Kc6 32. Rxh7 Kb5 33. Re3 Ka4 34. h4 Ka3 35. Rh5 Rb5 36. c4+ 1-0